MARC

LEADER 00000nam0a2200000 4500
001 339630
005 20231102005148.0
010 |a 5343000568 
020 |a RU  |b 89-47474 
035 |a (RuTPU)RU\TPU\book\366156 
090 |a 339630 
100 |a 20180112d1989 km y0rusy5003 ca 
101 0 |a rus 
102 |a BY 
105 |a a g 001zy 
200 1 |a Теоремы сложения  |e справочник  |f В. Т. Ерофеенко 
210 |a Минск  |c Наука и техника  |d 1989 
215 |a 254 с. 
320 |a Библиогр.: с. 246-253 (168 назв.) 
606 1 |a Математическая физика  |2 stltpush  |3 (RuTPU)RU\TPU\subj\41221  |9 61028 
610 1 |a справочники 
610 1 |a разделение 
610 1 |a переменные координаты 
610 1 |a криволинейные координаты 
610 1 |a методы 
610 1 |a уравнения Лапласа 
610 1 |a теоремы сложения 
610 1 |a уравнения Гельмгольца 
610 1 |a теоремы 
675 |a 53:51(035)  |z rus  |v 3 
700 1 |a Ерофеенко  |b В. Т.  |4 070 
801 0 |a RU  |b RuMRKP  |c 19950417  |g psbo 
801 1 |a RU  |b 63413507  |c 20180112 
801 2 |a RU  |b 63413507  |c 20180112  |g RCR 
942 |c BK